000 00952nam a22003017a 4500
001 5896
003 FISKH
005 20250827090538.0
008 250131b cb ||||| |||| 00| 0 eng d
020 _a9780805061505
040 _aFISKH
_beng
_cFISKH
_dFISKH
050 _aPZ8.H8475 M
082 _a818
100 _aHubbard, Patricia
_d(1947-)
245 _aMy crayons talk /
_cPatricia Hubbard ; illustrations by G. Brian Karas
250 _aThis edition published in 1996
260 _aNew York :
_bHenry Holt,
_c2010.
300 _a24 pages :
_bcolor illustrations ;
_c26 cm
505 _aE
520 _aBrown crayon sings "Play, Mud pie day," and Blue crayon calls "Sky, Swing so high" in this story about talking crayons.
521 8 _a310
_bLexile
521 8 _aE
_bRaz-Plus
650 _2Rhyme
_aImagination
650 _2Creativity
_aColors
700 _aKaras, G.Brian
_dillustrator
942 _2ddc
_cBK
_n0
999 _c5896
_d5896